| 000 | 00625nam a2200253Ia 4500 | ||
|---|---|---|---|
| 001 | Z_848 | ||
| 003 | CHAP | ||
| 008 | 220113s1990 xx 000 0 und d | ||
| 010 | _a163942 | ||
| 040 | _cCHAP | ||
| 082 | _a636.508 A8 | ||
| 100 |
_aAustic, Richard E _98348 |
||
| 245 |
_aPoultry production / _cby Richard E. Austic and Malden C. Nesheim |
||
| 260 |
_aPhiladelphia : _bLea and Febiger, _c1990 |
||
| 300 |
_a325 p. : _bilus. |
||
| 503 | _aC/E | ||
| 650 |
_aAves de corral _xProducción I. t. _9137990 |
||
| 901 | _a636.508 A8 | ||
| 902 | _aM | ||
| 910 | _a1990 | ||
| 942 | _c1 | ||
| 942 | _cc1 | ||
| 999 |
_c163942 _d163942 |
||